|
|
|
|
| LEADER |
02177nam a22005055i 4500 |
| 001 |
978-3-540-85904-8 |
| 003 |
DE-He213 |
| 005 |
20151204180937.0 |
| 007 |
cr nn 008mamaa |
| 008 |
100301s2009 gw | s |||| 0|eng d |
| 020 |
|
|
|a 9783540859048
|9 978-3-540-85904-8
|
| 024 |
7 |
|
|a 10.1007/978-3-540-85904-8
|2 doi
|
| 040 |
|
|
|d GrThAP
|
| 050 |
|
4 |
|a K7000-7720.22
|
| 050 |
|
4 |
|a K7073-7078
|
| 072 |
|
7 |
|a LB
|2 bicssc
|
| 072 |
|
7 |
|a LAM
|2 bicssc
|
| 072 |
|
7 |
|a LAW051000
|2 bisacsh
|
| 072 |
|
7 |
|a LAW016000
|2 bisacsh
|
| 082 |
0 |
4 |
|a 340.9
|2 23
|
| 082 |
0 |
4 |
|a 340.2
|2 23
|
| 245 |
1 |
0 |
|a Property Rights in Investment Securities and the Doctrine of Specificity
|h [electronic resource] /
|c edited by Erica Johansson.
|
| 264 |
|
1 |
|a Berlin, Heidelberg :
|b Springer Berlin Heidelberg,
|c 2009.
|
| 300 |
|
|
|a XV, 220 p.
|b online resource.
|
| 336 |
|
|
|a text
|b txt
|2 rdacontent
|
| 337 |
|
|
|a computer
|b c
|2 rdamedia
|
| 338 |
|
|
|a online resource
|b cr
|2 rdacarrier
|
| 347 |
|
|
|a text file
|b PDF
|2 rda
|
| 505 |
0 |
|
|a The New Order -- Developments of the Securities Markets -- The Use of Collateral in the Securities Markets -- Property Rights in Securities and the Doctrine of Specificity under English Law -- Property Rights in Securities and the Doctrine of Specificity under Swedish Law -- Property Rights in Securities and the Doctrine of Specificity under US Law -- Securities as Property -- Property Rights in Securities and the Doctrine of Specificity: A Comparative Analysis with an Outlook De Lege Ferenda.
|
| 650 |
|
0 |
|a Law.
|
| 650 |
|
0 |
|a Private international law.
|
| 650 |
|
0 |
|a Conflict of laws.
|
| 650 |
|
0 |
|a International law.
|
| 650 |
|
0 |
|a Comparative law.
|
| 650 |
|
0 |
|a Trade.
|
| 650 |
1 |
4 |
|a Law.
|
| 650 |
2 |
4 |
|a Private International Law, International & Foreign Law, Comparative Law.
|
| 650 |
2 |
4 |
|a International Economic Law, Trade Law.
|
| 700 |
1 |
|
|a Johansson, Erica.
|e editor.
|
| 710 |
2 |
|
|a SpringerLink (Online service)
|
| 773 |
0 |
|
|t Springer eBooks
|
| 776 |
0 |
8 |
|i Printed edition:
|z 9783540859031
|
| 856 |
4 |
0 |
|u http://dx.doi.org/10.1007/978-3-540-85904-8
|z Full Text via HEAL-Link
|
| 912 |
|
|
|a ZDB-2-SHU
|
| 950 |
|
|
|a Humanities, Social Sciences and Law (Springer-11648)
|